Gráfica Jalisco /

Đã lưu trong:
Chi tiết về thư mục
Tác giả của công ty: Centro Cultural de América Latina y Museo
Tác giả khác: Granguillhome Morfín, Rogelio (presentación) (presentación)
Định dạng: Sách
Ngôn ngữ:Tiếng Tây Ban Nha
Những chủ đề:
Các nhãn: Thêm thẻ
Không có thẻ, Là người đầu tiên thẻ bản ghi này!

MARC

LEADER 00000nam^a2200000^a^4500
001 000175453
005 20250521000000.0
009 20260310101605.274
037 |a Acervo ITESO - Biblioteca 
041 |a ESP 
082 |a 769. 972352063  |b GRA 
110 |a Centro Cultural de América Latina y Museo 
245 1 0 |a Gráfica Jalisco /  |c Centro Cultural de América Latina y Museo ; presen. de R. Granguillhome Morfín. 
264 |a Corea del Sur :  |b Centro Cultural de América Latina y Museo,  |c 2003 
300 |a [10] p. 
336 |a texto  |b txt  |2 rdacontenido 
337 |a sin mediación  |b n  |2 rdamedio 
338 |a volumen  |b nc  |2 rdasoporte 
649 |a XX 
650 |a Grabadores Jaliscienses 
650 |a Grabadores Mexicanos 
650 |a Artistas Jaliscienses 
650 |a Artistas Mexicanos 
650 |a Grabado -  |z Jalisco -  |x Exposiciones 
650 |a Grabado -  |z México -  |x Exposiciones 
650 |a Arte Jalisciense -  |x Exposiciones 
650 |a Arte Jalisciense -  |y Siglo XX 
650 |a Arte Jalisciense -  |y Siglo XXI 
650 |a Arte Mexicano -  |x Exposiciones 
650 |a Arte Mexicano -  |y Siglo XX 
650 |a Arte Mexicano -  |y Siglo XXI 
650 |a Museos y Galerías -  |z Corea del Sur -  |x Exposiciones 
700 |a Granguillhome Morfín, Rogelio  |e (presentación) 
910 |a Fondo General 
920 |a Impresos - Libros 
930 |a Reserva Especial 
905 |a 103 
901 |a 0500113526  |b IT1  |c REE  |u 20250521 
902 |a https://opac.biblio.iteso.mx/vufind/Record/000175453